000 00446nam a2200181Ia 4500
008 100920s9999 xx 000 0 und d
082 _b64478
_a6 थ 61
100 _aHOWARD SPRING
245 _aI met a Lady.
260 _bCOLLINS, LONDON.
_c1961
300 _a448
_bसाधी
365 _b0
520 _aई.एल. एफ.
630 _aI met a Lady.
650 _aई.एल. एफ.
730 _aI met a Lady.
942 _cBOOK
999 _c707488
_d707485